Human rights and media: Bridging the gap for global justice (Record no. 397248)

MARC details
000 -LEADER
fixed length control field 00536 a2200193 4500
005 - DATE & TIME
control field 20260417114438.0
008 - FIXED-LENGTH DATA ELEMENTS--GENERAL INFORMATION
fixed length control field 260416b |||||||| |||| 00| 0 eng d
020 ## - ISBN
International Standard Book Number 9789392262890
Price Rs. 1795.00
040 ## - CATALOGING SOURCE
Original cataloging agency VIVEKANANDA LIBRARY
082 ## - DDC NUMBER
Classification number 323
Book Number R188H
100 ## - MAIN ENTRY--PERSONAL NAME
Personal name Rathi, Parveen Kumar
245 ## - TITLE STATEMENT
Title Human rights and media: Bridging the gap for global justice
260 ## - PUBLICATION, DISTRIBUTION, ETC. (IMPRINT)
Name of publisher, distributor, etc Book Enclave
Date of publication, distribution, etc 2024
Place of publication, distribution, etc Jaipur
300 ## - PHYSICAL DESCRIPTION
Pages ix, 233
650 ## - Subject
Subject Political Science
650 ## - Subject
Subject Human Rights
650 ## - Subject
Subject Civil and Political Rights
942 ## - ADDED ENTRY ELEMENTS (KOHA)
Koha item type Books
Holdings
Withdrawn status Lost status Source of classification or shelving scheme Damaged status Not for loan Location (home branch) Sublocation or collection (holding branch) Shelving location Date acquired Koha issues (times borrowed) Koha full call number Accession No. Koha date last seen Koha item type
    Dewey Decimal Classification     VIVEKANANDA LIBRARY VIVEKANANDA LIBRARY Vivekananda Library 01/04/2026   323 R188H 450071 01/04/2026 Books
© Designed and Maintained by Vivekananda Library, MDU Rohtak